An analysis of dynamic comparative advantage : The case of U. S.- Japanese automobile trade
Salvato in:
| Autore principale: | |
|---|---|
| Natura: | Libro |
| Lingua: | Undetermined |
| Pubblicazione: |
London
University Microfilds International
1981
|
| Soggetti: | |
| Tags: |
Aggiungi Tag
Nessun Tag, puoi essere il primo ad aggiungerne! !
|
| Thư viện lưu trữ: | Trung tâm Học liệu Trường Đại học Cần Thơ |
|---|
| LEADER | 00608nam a2200205Ia 4500 | ||
|---|---|---|---|
| 001 | CTU_98819 | ||
| 008 | 210402s9999 xx 000 0 und d | ||
| 082 | |a 629.22 | ||
| 082 | |b H341 | ||
| 100 | |a Harvey, Carol Duckenfiled | ||
| 245 | 3 | |a An analysis of dynamic comparative advantage : | |
| 245 | 4 | |b The case of U. S.- Japanese automobile trade | |
| 245 | 0 | |c Carol Duckenfiled Harvey | |
| 260 | |a London | ||
| 260 | |b University Microfilds International | ||
| 260 | |c 1981 | ||
| 650 | |a Automobiles | ||
| 650 | |x Periodicals | ||
| 904 | |i Truc | ||
| 980 | |a Trung tâm Học liệu Trường Đại học Cần Thơ | ||